| 000 | 00616cam a2200193u 4500 | ||
|---|---|---|---|
| 082 |
_a510.2462 _bGEA _cL-2, P-1. |
||
| 100 | 1 |
_aGeary, Alfred. [from old catalog] _938983 |
|
| 245 | 0 | 0 | _aAdvanced mathematics for technical students... |
| 260 |
_aLondon, _aNew York [etc.] _bLongmans, Green and co. _c[1945- |
||
| 300 | _ap. cm. | ||
| 526 |
_a0 _b0 _c0 _d510_246200000000000_GEA |
||
| 526 |
_a0 _b0 _c0 _d510_246200000000000_GEA |
||
| 650 | 0 | _aCalculus. | |
| 650 | 0 | _aMathematics. | |
| 650 | 0 |
_aMCE _9379 |
|
| 700 | 1 |
_aHayden, H. A. _938984 |
|
| 700 | 1 |
_aLowry, Hugh Vernon, [from old catalog] _938985 |
|
| 942 |
_2ddc _cBK |
||
| 999 |
_c543579 _d543579 |
||